[Event "Ponts U14 Lleida-ch"]
[Site "Ponts"]
[Date "2013.02.09"]
[Round "3.3"]
[White "Cosialls Ris, Ramon"]
[Black "Pedros Villarte, Pau"]
[Result "1-0"]
[WhiteElo "1633"]
[BlackElo "1700"]
[PlyCount "53"]
[EventDate "2013.01.26"]
[EventType "swiss"]
[EventRounds "6"]
[EventCountry "ESP"]
[SourceTitle "EXT 2024"]
[Source "ChessBase"]
[SourceDate "2023.10.10"]
[SourceVersion "1"]
[SourceVersionDate "2023.10.10"]
[SourceQuality "1"]

1. e4 e5 2. Nf3 Nc6 3. Bb5 Nf6 4. 0-0 g6 5. Re1 Bg7 6. Bxc6 bxc6 7. Nxe5 d6 8. Nxc6 Qd7 9. e5 dxe5 10. Nxe5 Qb5 11. Nxg6+ Be6 12. Nxh8 Bxh8 13. Nc3 Qb7 14. d4 0-0-0 15. Bg5 Rg8 16. Qd2 h6 17. h4 hxg5 18. hxg5 Nh5 19. d5 Bxc3 20. Qxc3 Rxg5 21. Qh8+ Kd7 22. dxe6+ fxe6 23. Rad1+ Kc6 24. Qe8+ Kb6 25. Rxe6+ Ka5 26. Re5+ Rxe5 27. Qxe5+ 1-0